Operating system concepts (Record no. 162500)

MARC details
000 -LEADER
fixed length control field 00417nam a2200157Ia 4500
008 - FIXED-LENGTH DATA ELEMENTS--GENERAL INFORMATION
fixed length control field 231217s9999 xx 000 0 und d
041 ## - LANGUAGE CODE
Language code of text/sound track or separate title English
082 ## - DEWEY DECIMAL CLASSIFICATION NUMBER
Classification number 001.642 SIL
100 ## - MAIN ENTRY--PERSONAL NAME
Personal name Silberschatz, Abraham. Galvin, Peter Baer.
245 #0 - TITLE STATEMENT
Title Operating system concepts
250 ## - EDITION STATEMENT
Edition statement 3rd ed.
260 ## - PUBLICATION, DISTRIBUTION, ETC.
Date of publication, distribution, etc. 1991
Name of publisher, distributor, etc. New York : Addison-Wesley,
300 ## - PHYSICAL DESCRIPTION
Extent xviii+696
650 ## - SUBJECT ADDED ENTRY--TOPICAL TERM
Topical term or geographic name entry element Operating systems
942 ## - ADDED ENTRY ELEMENTS (KOHA)
Koha item type Books
Holdings
Date last seen Total checkouts Full call number Accession number Cost, total (INR) price Price effective from Category Lost status Damaged status Department Withdrawn status Home library Current library Entry date Vendor Cost, normal purchase price Grants Billnumber Billdate Currency symbol Conversion rate Discount Old discount Public note Shelving location
26/01/2024   001.642 SIL 5208 810.87 26/01/2024 Books     Central Library   Central Library Central Library 04/02/1993 Educational Supplies 810.87 CS 19932 11/03/2017 RS 1        
26/01/2024   001.642 SIL 5209 810.88 26/01/2024 Books     Central Library   Central Library Central Library 04/02/1993   24.95 CS 19932 21/08/2009 USD 32.5     repl/tc/6698 Central Library
26/01/2024   001.642 SIL;1 5210 810.88 26/01/2024 Books     Central Library   Central Library Central Library 04/02/1993 Educational Supplies 24.95 CS 19932 28/03/2014 USD 32.5        
26/01/2024   001.642 SIL 5211 810.88 26/01/2024 Books     Central Library   Central Library Central Library 04/02/1993 Educational Supplies 24.95 CS 19932 11/03/2017 USD 32.5        

© For any Suggestions or Query, please contact the library staff @ librarian@pes.edu or Phone: +9180 2672 1983/ 2108.